Stárnutí populace je globální problém

Trend starnutia svetovej populácie a znižovania pôrodnosti ukladá vládam štátov nové úlohy. Ekonomické dôsledky tohto trendu. Stratégie na zvládnutie novej situácie. Modernizácia daňového systému. Zvýšenie priemerného veku odchodu do dôchodku. Užšia spolupráca verejného a súkromného sektora pri posk...

Ausführliche Beschreibung

Gespeichert in:
Bibliographische Detailangaben
Format: Buchkapitel
Sprache:Tschechisch
Schlagworte:
Tags: Tag hinzufügen
Keine Tags, Fügen Sie das erste Tag hinzu!

MARC

LEADER 00000naa$a2200000$$$4500
001 0057204
005 20231128135036.3
041 0 |a cze 
044 |a CZ 
245 1 0 |a Stárnutí populace je globální problém 
520 |a Trend starnutia svetovej populácie a znižovania pôrodnosti ukladá vládam štátov nové úlohy. Ekonomické dôsledky tohto trendu. Stratégie na zvládnutie novej situácie. Modernizácia daňového systému. Zvýšenie priemerného veku odchodu do dôchodku. Užšia spolupráca verejného a súkromného sektora pri poskytovaní služieb. Dôraz na služby. Nutnosť zamestnávať aj starších zamestnancov. 
610 2 0 |a demografia 
610 2 0 |a prognózy demografické 
610 2 0 |a populácia 
610 2 0 |a obyvateľstvo aktívne 
610 2 0 |a pôrodnosť 
610 2 0 |a vek produktívny 
610 2 0 |a dôchodcovia 
610 2 0 |a služby 
610 2 0 |a systémy daňové